Freakonomics

Guardat en:
Dades bibliogràfiques
Autor principal: Steven Levitt & Stephen Dubner
Format: Llibre
Publicat: William Morrow
Matèries:
Etiquetes: Afegir etiqueta
Sense etiquetes, Sigues el primer a etiquetar aquest registre!

MARC

LEADER 00000nam a2200000Ia 4500
005 20260427112713.0
526 |b Economics 
100 |a Steven Levitt & Stephen Dubner 
020 |a 9780062312679 
650 |a Behavioral Economics 
526 |a Bachelors 
942 |c BK 
245 |a Freakonomics 
260 |b William Morrow 
999 |c 87  |d 87 
952 |0 0  |1 0  |4 0  |7 0  |8 1  |a BRISTOL  |b BRISTOL  |d 2026-04-22  |l 0  |p 000022  |r 2026-04-27 11:27:13  |w 2026-04-27  |y BK